| 000 | 00381nam a22001697a 4500 | ||
|---|---|---|---|
| 005 | 20260410094813.0 | ||
| 020 | _a9781316648438 | ||
| 041 | _aEnglish | ||
| 082 | _a001 Q17 CHI | ||
| 100 | _aChilton Helen | ||
| 245 | _aExam Booster with answer key - Cambridge English | ||
| 250 | _a01 | ||
| 260 |
_aUK _bCambridge _c2017 |
||
| 300 | _a150 | ||
| 365 | _b550.00 | ||
| 942 | _cBK | ||
| 999 |
_c177150 _d177150 |
||